[Event "Terre degli Elimi op 3rd"]
[Site "Erice"]
[Date "2012.07.27"]
[Round "3"]
[White "Ferro, Ferruccio"]
[Black "Ferrante, Filippo"]
[Result "1-0"]
[WhiteElo "1716"]
[BlackElo "1583"]
[PlyCount "57"]
[EventDate "2012.07.25"]
[EventType "swiss"]
[EventRounds "7"]
[EventCountry "ITA"]
[SourceTitle "EXT 2013"]
[Source "ChessBase"]
[SourceDate "2012.11.22"]
[SourceVersion "1"]
[SourceVersionDate "2012.11.22"]
[SourceQuality "1"]

1. b3 Nf6 2. Bb2 e6 3. c4 c5 4. e3 Nc6 5. Nf3 b6 6. Nc3 Bb7 7. Nb5 a6 8. Bxf6 gxf6 9. Nc3 Bg7 10. Rc1 h6 11. Bd3 f5 12. 0-0 Rg8 13. Be2 Qc7 14. g3 0-0-0 15. d4 d6 16. a3 h5 17. d5 Ne7 18. Ng5 Bxc3 19. Nxf7 Rdf8 20. dxe6 Be5 21. f4 h4 22. fxe5 hxg3 23. exd6 gxh2+ 24. Kxh2 Rg2+ 25. Kh3 Rfg8 26. d7+ Kb8 27. d8Q+ Ka7 28. Qxc7 R2g3+ 29. Qxg3 1-0

[Event "Reggio Calabria Province-ch"]
[Site "Calabria"]
[Date "2012.05.04"]
[Round "1"]
[White "Ferro, Ferruccio"]
[Black "Pegna, Giuseppe"]
[Result "1/2-1/2"]
[WhiteElo "1708"]
[BlackElo "1386"]
[PlyCount "58"]
[EventDate "2012.05.04"]
[EventType "swiss"]
[EventRounds "5"]
[EventCountry "ITA"]
[SourceTitle "EXT 2014"]
[Source "ChessBase"]
[SourceDate "2013.11.20"]
[SourceVersion "1"]
[SourceVersionDate "2013.11.20"]
[SourceQuality "1"]

1. e4 d5 2. exd5 Qxd5 3. Nc3 Qe5+ 4. Qe2 Qxe2+ 5. Bxe2 Nf6 6. Nf3 a6 7. Bc4 e6 8. a3 b5 9. Be2 Be7 10. 0-0 0-0 11. b4 Bb7 12. Bb2 c5 13. bxc5 Bxc5 14. d4 Bd6 15. Rad1 Nc6 16. d5 Ne5 17. Nxe5 Bxe5 18. f4 Bb8 19. dxe6 Ba7+ 20. Kh1 Ne4 21. Nxe4 Bxe4 22. e7 Rfe8 23. Bf3 Bxf3 24. Rxf3 Rxe7 25. Rfd3 h6 26. Bd4 Rae8 27. Bxa7 Rxa7 28. g3 Rc7 29. c3 a5 1/2-1/2